000 00618nam a2200157 a 4500
008 120416s0000 ||||||||||||||||| || u
020 _a4789002055
050 _aD 811.A2.J3 Cri
100 _aGage, Richard L
245 1 0 _aCries for peace
_ccompiled by the Youth Division of Soka Gakkai
246 _aexperiences of Japanese victims of world war II
260 _aTokyo
_bThe Japan Times
_c1974 (1978)
300 _a234p.
350 _a0.00
995 _D0.00
_FCBU-MAIN LIBRARY (Kitwe)
_H1
_I14.50
_M1
_UAVAILABLE
_WJun 23, 2006
_ZMain Library Open Access Collection
999 _c39177
_d39177